000 00323nam a22001457a 4500
003 SGT
020 _a978-81-7035-441-3
082 _a615.32
_bE14C
100 _aCHAUDHARI,A.B
245 _aENDANGERED MEDICINAL PLANTS
260 _aNEW DELHI
_bDAYA PUB
_c2014
300 _a311
650 _aAYURVEDA
942 _2ddc
_cBK
_02
999 _c14670
_d14670